000 00713nam a2200241Ia 4500
001 5148
003 GE_BSU
008 181216s||||||||xx |||||||||||||| ||und||
040 _cGE_BSU
080 _a51(09)
100 _aГлейзер, Г. И.
245 _aИстория математиков в средней школе
245 _bпособие для для учителей
245 _cПод ред. Б.А. Розенфельда
260 _aМосква
260 _bПросвещение
260 _c1970
300 _a461 с. 22 см.
653 _aИстория математики
653 _aМатематика
653 _aმათემატიკა
942 _cBK
999 _c38792
_d38792